True or False - Geography #2 - Statistics

General Stats
  • This quiz has been taken 248 times
    97 since last reset
  • The average score is 15 of 21
Answer Stats
Question Answer % Correct
Liechtenstein's capital is also Liechtenstein. False
100%
Hungary's most popular stereotype is Goulash. True
100%
There are islands that no one lives. True
100%
South America has 3 landlocked countries. False
86%
Serbia touches the sea. False
86%
Belgium has 10 provinces. True
86%
Wait, Moldova is a landlocked country too! True
86%
Kiribati has a island named "Starbuck" True
86%
Brussels is the capital of the EU. True
86%
Norway borders Russia. True
86%
Bonus: Actually Norway owns Svalbard. True
86%
Moldova touches the Black Sea. False
71%
Sweden borders Russia too. False
71%
But Sweden owns Svalbard, at least. False
71%
Ghana's flag contains a star. True
71%
Nauru is the smallest island nation in the world. True
71%
Singapore is the richest island nation in the world (by Capita) True
71%
Afrikaans is an Germanic Language. True
43%
In Hungarian, Hungary ends in "ság" False
29%
Actually it's India. China isn't the biggest country by Population False
14%
China is the biggest country (by Population, not Area) True
14%
No matching quizzes found
Score Distribution
Percent of People with Each Score
Percentile by Number Answered
Your Score History
You have not taken this quiz since the last reset